[Event "ROM-ch U08"]
[Site "Baile Felix"]
[Date "2017.02.06"]
[Round "6"]
[White "Axente, Ioan Lucian"]
[Black "Dragos, Victor"]
[Result "1/2-1/2"]
[WhiteElo "1068"]
[BlackElo "1001"]
[PlyCount "53"]
[EventDate "2017.02.02"]
[EventType "swiss"]
[EventRounds "9"]
[EventCountry "ROU"]
[SourceTitle "CBM 176 Extra"]
[Source "ChessBase"]
[SourceDate "2017.03.02"]
[SourceVersion "1"]
[SourceVersionDate "2017.03.02"]
[SourceQuality "1"]

1. e4 c6 2. Nf3 d5 3. exd5 cxd5 4. Nc3 Nf6 5. Bb5+ Bd7 6. Bxd7+ Nbxd7 7. d4 e6 8. Bf4 Bb4 9. 0-0 Bxc3 10. bxc3 0-0 11. Rb1 b6 12. Qd2 Rc8 13. Be5 Nxe5 14. dxe5 Nd7 15. Rbe1 Qc7 16. Qf4 Qxc3 17. Qh4 Qxc2 18. Ng5 h6 19. Rc1 hxg5 20. Qxg5 Qxa2 21. h4 Rxc1 22. Rxc1 Qb2 23. Rf1 Nxe5 24. h5 a5 25. f4 Nd7 26. h6 Qf6 27. Rf2 1/2-1/2

[Event "ROM-ch U08"]
[Site "Baile Felix"]
[Date "2017.02.02"]
[Round "1"]
[White "Dragos, Victor"]
[Black "Savin, Mihai"]
[Result "0-1"]
[WhiteElo "1001"]
[BlackElo "1144"]
[PlyCount "40"]
[EventDate "2017.02.02"]
[EventType "swiss"]
[EventRounds "9"]
[EventCountry "ROU"]
[SourceTitle "CBM 176 Extra"]
[Source "ChessBase"]
[SourceDate "2017.03.02"]
[SourceVersion "1"]
[SourceVersionDate "2017.03.02"]
[SourceQuality "1"]

1. e4 c5 2. Nf3 Nc6 3. Bc4 e6 4. d3 d5 5. exd5 exd5 6. Bg5 f6 7. Qe2+ Be7 8. Bxd5 Qxd5 9. Nc3 Qd7 10. Be3 Nh6 11. Bxc5 0-0 12. Bxe7 Qxe7 13. Qxe7 Nxe7 14. 0-0-0 Bg4 15. Rhg1 Bxf3 16. gxf3 Rfe8 17. Rge1 Nef5 18. Rxe8+ Rxe8 19. Nb5 b6 20. Nc7 Rc8 0-1